<?xml version="1.0" encoding="UTF-8"?>
<record
    xmlns:xsi="http://www.w3.org/2001/XMLSchema-instance"
    xsi:schemaLocation="http://www.loc.gov/MARC21/slim http://www.loc.gov/standards/marcxml/schema/MARC21slim.xsd"
    xmlns="http://www.loc.gov/MARC21/slim">

  <leader>01271nam a22002657a 4500</leader>
  <controlfield tag="005">20170124103205.0</controlfield>
  <datafield tag="010" ind1=" " ind2=" ">
    <subfield code="a">B-119763</subfield>
  </datafield>
  <datafield tag="020" ind1=" " ind2=" ">
    <subfield code="c">235.00</subfield>
  </datafield>
  <datafield tag="035" ind1=" " ind2=" ">
    <subfield code="a">B-119763</subfield>
  </datafield>
  <datafield tag="037" ind1=" " ind2=" ">
    <subfield code="b">Cen Lib/Ret</subfield>
  </datafield>
  <datafield tag="040" ind1=" " ind2=" ">
    <subfield code="a">DPL</subfield>
    <subfield code="b">HN</subfield>
  </datafield>
  <datafield tag="082" ind1=" " ind2=" ">
    <subfield code="a">380</subfield>
    <subfield code="b">&#x917;&#x941;&#x92A;&#x94D;&#x924;&#x93E;&#x90F; </subfield>
  </datafield>
  <datafield tag="100" ind1=" " ind2=" ">
    <subfield code="a">&#x917;&#x941;&#x92A;&#x94D;&#x924;&#x93E;, &#x90F;&#x92E;.&#x938;&#x940;.</subfield>
    <subfield code="9">93393</subfield>
  </datafield>
  <datafield tag="245" ind1=" " ind2=" ">
    <subfield code="a">&#x938;&#x93F;&#x935;&#x93F;&#x932; &#x938;&#x930;&#x94D;&#x935;&#x93F;&#x938;&#x93F;&#x91C; &#x92A;&#x94D;&#x930;&#x93E;&#x930;&#x92E;&#x94D;&#x92D;&#x93F;&#x915; &#x92A;&#x930;&#x940;&#x915;&#x94D;&#x937;&#x93E; :</subfield>
    <subfield code="c">&#x90F;&#x92E;.&#x938;&#x940;.&#x917;&#x941;&#x92A;&#x94D;&#x924;&#x93E; [&#x914;&#x930;] &#x935;&#x940;.&#x915;&#x947;.&#x905;&#x917;&#x94D;&#x930;&#x935;&#x93E;&#x932; </subfield>
    <subfield code="b">&#x935;&#x93E;&#x923;&#x93F;&#x91C;&#x94D;&#x92F; /</subfield>
  </datafield>
  <datafield tag="246" ind1=" " ind2=" ">
    <subfield code="a">Civil services prarambhik pariksha : vanijye /</subfield>
    <subfield code="b">by M.C.Gupta [aur] V.K.Agarwal </subfield>
  </datafield>
  <datafield tag="260" ind1=" " ind2=" ">
    <subfield code="a">&#x906;&#x917;&#x930;&#x93E; </subfield>
    <subfield code="b">&#x909;&#x92A;&#x915;&#x93E;&#x930; &#x92A;&#x94D;&#x930;&#x915;&#x93E;&#x936;&#x928; </subfield>
  </datafield>
  <datafield tag="270" ind1=" " ind2=" ">
    <subfield code="b">&#x906;&#x917;&#x930;&#x93E; </subfield>
    <subfield code="a">2/11 &#x90F;, &#x938;&#x94D;&#x935;&#x926;&#x947;&#x936;&#x940; &#x92C;&#x940;&#x92E;&#x93E; &#x928;&#x917;&#x930; ( &#x936;&#x93E;&#x939; &#x938;&#x93F;&#x928;&#x947;&#x92E;&#x93E; &#x915;&#x947; &#x938;&#x93E;&#x92E;&#x928;&#x947; )</subfield>
    <subfield code="e">282 002</subfield>
  </datafield>
  <datafield tag="300" ind1=" " ind2=" ">
    <subfield code="a">219&#x92A;&#x943;. </subfield>
    <subfield code="c">24&#x938;&#x947;&#x92E;&#x940;(&#x938;&#x91C;&#x93F;&#x932;&#x94D;&#x926;)</subfield>
  </datafield>
  <datafield tag="650" ind1=" " ind2=" ">
    <subfield code="a">&#x935;&#x93E;&#x923;&#x93F;&#x91C;&#x94D;&#x92F;</subfield>
    <subfield code="9">93394</subfield>
  </datafield>
  <datafield tag="650" ind1=" " ind2=" ">
    <subfield code="a">&#x938;&#x93F;&#x935;&#x93F;&#x932; &#x938;&#x930;&#x94D;&#x935;&#x93F;&#x938;&#x947;&#x91C; -- &#x92A;&#x94D;&#x930;&#x936;&#x94D;&#x928; &#x92A;&#x924;&#x94D;&#x930; </subfield>
    <subfield code="9">93395</subfield>
  </datafield>
  <datafield tag="650" ind1=" " ind2=" ">
    <subfield code="a">Commercial</subfield>
    <subfield code="9">93396</subfield>
  </datafield>
  <datafield tag="650" ind1=" " ind2=" ">
    <subfield code="a">Civil Services - paper</subfield>
    <subfield code="9">93397</subfield>
  </datafield>
  <datafield tag="700" ind1=" " ind2=" ">
    <subfield code="a">&#x905;&#x917;&#x94D;&#x930;&#x935;&#x93E;&#x932;, &#x935;&#x940;.&#x915;&#x947;.</subfield>
    <subfield code="9">93398</subfield>
  </datafield>
  <datafield tag="942" ind1=" " ind2=" ">
    <subfield code="2">ddc</subfield>
    <subfield code="c">HN</subfield>
    <subfield code="h">380</subfield>
    <subfield code="m">&#x917;&#x941;&#x92A;&#x94D;&#x924;&#x93E;&#x90F; </subfield>
  </datafield>
  <datafield tag="999" ind1=" " ind2=" ">
    <subfield code="c">120919</subfield>
    <subfield code="d">120919</subfield>
  </datafield>
  <datafield tag="952" ind1=" " ind2=" ">
    <subfield code="0">0</subfield>
    <subfield code="1">0</subfield>
    <subfield code="4">0</subfield>
    <subfield code="7">0</subfield>
    <subfield code="a">L</subfield>
    <subfield code="b">L</subfield>
    <subfield code="d">2015-09-29</subfield>
    <subfield code="e">Cen Lib/Ret</subfield>
    <subfield code="g">235.00</subfield>
    <subfield code="l">0</subfield>
    <subfield code="o">380 &#x917;&#x941;&#x92A;&#x94D;&#x924;&#x93E;&#x90F;</subfield>
    <subfield code="p">B-119763</subfield>
    <subfield code="r">2015-09-29 00:00:00</subfield>
    <subfield code="t">1</subfield>
    <subfield code="v">235.00</subfield>
    <subfield code="w">2015-09-29</subfield>
    <subfield code="y">HN</subfield>
  </datafield>
</record>
